Rozpoznaj filmy lat 2000-nych po obrazie - Statystyki

Ogólne statystyki
  • Ten quiz został rozwiązany 56 razy
  • Średni wynik to 26 z 40
Statystyki odpowiedzi
Obrazkowy Hint Odpowiedź % Poprawnych
2001 Shrek
98%
2009 Avatar
94%
2002 Epoka lodowcowa
94%
2006 Auta
92%
2000 Gladiator
92%
2008 Kung Fu Panda
92%
2003 Gdzie jest Nemo?
90%
2004 Iniemamocni
88%
2005 Madagaskar
88%
2007 Piraci z Karaibów: Na krańcu świata
86%
2001 Potwory i spółka
86%
2007 Transformers
86%
2007 Ratatuj
82%
2004 Troja
80%
2002 Pianista
78%
2006 300
76%
2000 Cast Away: Poza Światem
75%
2009 Kac Vegas
75%
2003 Kill Bill: Vol. 1
75%
2005 Pan i Pani Smith
71%
2005 Charlie i Fabryka Czekolady
69%
2006 Kod Da Vinci
69%
2009 Odlot
69%
2008 Mroczny Rycerz
67%
2001 Władca Pierścieni: Drużyna pierścienia
61%
2005 Opowieści z Narnii: Lew, Czarownica i Stara Szafa
57%
2006 Diabeł ubiera się u Prady
53%
2002 8. Mila
51%
2000 X-Men
49%
2002 Złap mnie, jeśli potrafisz
49%
2000 American Psycho
47%
2008 Mamma Mia!
47%
2009 Koralina
39%
2004 Pamiętnik
39%
2008 Slumdog. Milioner z ulicy
35%
2003 Szkoła Rocka
33%
2001 Ocean's Eleven: Ryzykowna gra
31%
2004 Wredne dziewczyny
27%
2003 To właśnie miłość
24%
2007 Supersamiec
18%
Nie znaleziono quizów pasujących do podanych kryteriów
Rozkład punktacji
Procent ludzi z każdym wynikiem
Percentyl według liczby udzielonych odpowiedzi
Twoja historia wyników
Nie rozwiązałeś tego quizu